| 000 | 00643nam a2200193Ia 4500 | ||
|---|---|---|---|
| 003 | GCL | ||
| 008 | 140319s9999 xx 000 0 ara d | ||
| 040 |
_aGCL / _cGCL |
||
| 082 | 0 | 4 |
_a301.2 _bم م |
| 100 | 1 | _aمحمد عابد الجابرى | |
| 245 | 1 | 0 |
_aالمثقفون فى الحضارة العربية : محنة ابن حنبل ونكبة ابن رشد / _cمحمد عابد الجابرى |
| 300 | _a156 ص | ||
| 490 |
_aالهيئة العامة للاستعلامات _v0 |
||
| 650 | 0 | 4 | _aالحضارة |
| 650 | 0 | 4 | _aالثقافة |
| 650 | 0 | 4 | _aالثقافة العربية |
| 650 | 0 | 4 | _aالمثقفون |
| 942 |
_2ddc _cBK |
||
| 999 |
_c49191 _d49191 |
||